| 000 | 01137nam a22003497a 4500 | ||
|---|---|---|---|
| 001 | 0057612 | ||
| 003 | KOHA_MİRAKIL | ||
| 005 | 20260207004126.0 | ||
| 007 | ta | ||
| 008 | 160510b1998 tu a|||gr||||#||||0|tur | | ||
| 020 | _a9757250406 | ||
| 040 |
_aTR-BiSEU _btur _cTR-BiSEU _erda |
||
| 041 | 0 | _atur | |
| 044 | _ctu | ||
| 050 |
_aHD85.T9 _bS87 1998 |
||
| 245 | 0 |
_aSürdürülebilir kalkınmanın uygulanması : _btartışma toplantısı 11-12 Aralık 1997/ _cTürkiye Çevre Vakfı. |
|
| 264 | 1 |
_aAnkara : _bTürkiye Çevre Vakfı _c1998 |
|
| 300 |
_a231 sayfa : _bresimli ; _c25 cm. |
||
| 336 |
_ametin _btxt _2rdacontent |
||
| 337 |
_aaracısız _bn _2rdamedia |
||
| 338 |
_acilt _bnc _2rdacarrier |
||
| 490 | 1 |
_aTürkiye Çevre Vakfı Yayın no ; _v126. |
|
| 500 | _aKaynakça var. | ||
| 650 | 0 |
_aSustainable development. _95582 |
|
| 650 | 0 |
_aSürdürülebilir gelişme. _929571 |
|
| 650 | 0 |
_aEconomic development. _96960 |
|
| 650 | 0 |
_aEkonomik gelişme. _910542 |
|
| 650 | 0 |
_aEconomic policy. _97386 |
|
| 650 | 0 |
_aEkonomi politikası _98217 |
|
| 830 | 1 |
_aTürkiye Çevre Vakfı Yayın no ; _v126. _9106762 |
|
| 942 |
_2lcc _cBK |
||
| 999 |
_c57416 _d57416 |
||